| 000 | 00684nam a22001817a 4500 | ||
|---|---|---|---|
| 003 | BUBTL | ||
| 008 | 210215b xxu||||| |||| 00| 0 eng d | ||
| 020 | _a9789845982856 | ||
| 082 | _a954.92 / R1293b | ||
| 100 |
_93866 _aহাসিনা, শেখ |
||
| 245 |
_aবঙ্গবন্ধু শেখ মুজিবুর রহমান জনক আমার নেতা আমার / _cশেখ হাসিনা |
||
| 260 |
_aঢাকা, _bচারুলিপি : _cc2021. |
||
| 300 |
_a200 p. : _bill. ; _c24 cm. |
||
| 650 | 0 |
_93868 _aবঙ্গবন্ধু |
|
| 856 |
_k0 _l0 _yDownload |
||
| 942 |
_2ddc _cBK |
||
| 999 |
_c6437 _d6437 |
||